|
|
|
|
| LEADER |
01161nam a2200289 a 4500 |
| 001 |
2132542 |
| 008 |
091122s1997 pk a b 000 0 eng d |
| 010 |
|
|
|a 97930363
|
| 020 |
|
|
|a 0195777735
|
| 020 |
|
|
|a 0195777727
|
| 040 |
|
|
|a DLC
|c DLC
|
| 082 |
0 |
0 |
|a 338.954
|2 21
|
| 100 |
1 |
|
|a Haq, Mahbub ul,
|d 1934-1998.
|
| 245 |
1 |
0 |
|a Human development in South Asia 1997 /
|c Mahbub ul Haq.
|
| 260 |
|
|
|a Karachi;
|b New York :
|b Oxford University Press,
|c 1997.
|
| 300 |
|
|
|a ix, 153 p. :
|b ill. ;
|c 29 cm.
|
| 500 |
|
|
|a "Published for the Human Development Centre."
|
| 504 |
|
|
|a Includes bibliographical references (p. 152-153).
|
| 541 |
1 |
|
|e 00006182
|
| 651 |
|
0 |
|a South Asia
|x Economic conditions.
|
| 651 |
|
0 |
|a South Asia
|x Economic policy.
|
| 651 |
|
0 |
|a South Asia
|x Social conditions.
|
| 651 |
|
0 |
|a South Asia
|x Social policy.
|
| 710 |
2 |
|
|a Human Development Centre (Islāmābād, Pakistan)
|
| 852 |
4 |
|
|a Ayesha Abed Library
|j General Shelf.
|
| 999 |
|
|
|c 5800
|d 5800
|
| 952 |
|
|
|0 0
|1 0
|2 ddc
|4 0
|6 338_954000000000000_HAQ_1997
|7 0
|9 5752
|a BRACUL
|b BRACUL
|c GEN
|d 2009-11-23
|g 0.00
|l 0
|o 338.954 HAQ
|p 3010006182
|r 2009-11-23
|t 1
|w 2009-11-23
|y BK
|x No price found in the accession register.
|